| 000 | 00833nam a2200253 a 4500 | ||
|---|---|---|---|
| 005 | 20200104041525.0 | ||
| 008 | 140303b1996 it ||||| |||| 00| 0 spa d | ||
| 040 |
_aCO-BoIAVH _cCO-BoIAVH |
||
| 041 | _aspa | ||
| 044 | _ait | ||
| 090 |
_aLB _b01685 |
||
| 110 |
_bOrganización de las Naciones Unidas para la Agricultura y la Alimentación _943448 |
||
| 245 | _aConservación y utilización sostenible de los recursos fitogenéticos para la alimentación y la agricultura | ||
| 260 |
_aRoma _bFAO _c1996 |
||
| 300 | _a14 | ||
| 650 |
_aRecursos fitogenéticos _943449 |
||
| 650 |
_aAlimentación _943450 |
||
| 650 |
_aAgricultura _9304 |
||
| 650 |
_aUso sostenible _9344 |
||
| 650 |
_aConservación de biodiversidad _9345 |
||
| 650 |
_aConservación in situ _93264 |
||
| 650 |
_aConservación ex situ _94301 |
||
| 942 |
_cINFORME _2z |
||
| 999 |
_c1854 _d1854 |
||